La Inteligencia que aprende

保存先:
書誌詳細
第一著者: Marina, José Antonio
フォーマット: 不明
言語:英語
出版事項: Madrid, España. Santillana Educación, S.L., 2018
シリーズ:Santillana Activa
主題:
タグ: タグ追加
タグなし, このレコードへの初めてのタグを付けませんか!

MARC

LEADER 00000 a2200000 4500
003 CL-VaPUC
005 20211006114956.0
008 210422b ||||| |||| 00| 0 eng d
999 |c 432643  |d 432641 
020 |a 9788468044736 
040 |c Pontificia Universidad Católica de Valparaíso 
082 |a 370.1529 MAR 2018 
100 1 |a Marina, José Antonio  |9 859889 
245 1 3 |a La Inteligencia que aprende 
260 |a Madrid, España.   |b Santillana Educación, S.L.,  |c 2018 
300 |a 219 páginas;   |b ilustraciones  
440 |a Santillana Activa  |9 861082 
583 |k Cristina Rojas  |c 20210422 
650 0 |a Inteligencia  |9 267038  |x Aprendizaje  
650 0 |a Inteligencia ejecutiva  |9 861198 
942 |2 ddc  |c BK 
952 |0 0  |1 0  |2 ddc  |4 0  |6 370_152900000000000_MAR_2018  |7 0  |8 A  |9 577942  |a BIBEDU  |b BIBEDU  |d 2021-05-28  |e 74  |g 17012.00  |i 5583497  |l 1  |m 1  |o 370.1529 MAR 2018  |p 5583497  |r 2024-10-09  |s 2024-09-25  |t 1  |v 17012.00  |w 2021-05-28  |y BK  |k FIL